Voiture les plus vendus en France en 2022 - Statistiques

Statistiques générales
  • Ce quiz a été pris 135 fois
  • Le résultat moyen est 15 sur 25
Statistiques - réponses
Nombre d'immatriculation Marque Modèle % Correct
58 880 Citröen C3
96%
27 527 Fiat 500
93%
36 281 Peugeot 3008
92%
64 012 Renault Clio
92%
88 812 Peugeot 208
89%
64 293 Dacia Sandero
85%
31 648 Dacia Duster
84%
41 656 Peugeot 308
82%
18 215 Volkswagen Polo
79%
51 454 Peugeot 2008
74%
31 115 Toyota Yaris
73%
16 265 Peugeot 5008
69%
17 818 Renault Megane
68%
22 535 Renault Twingo III
57%
45 577 Renault Captur
56%
17 005 Tesla Model 3
52%
17 221 Volkswagen T-Roc
35%
31 638 Renault Arkana
34%
20 511 Ford Puma
31%
17 584 Hyundai Tucson IV
29%
19 969 Citröen C3 Aircross
26%
18 326 Dacia Spring
24%
23 577 Toyota Yaris Cross
18%
20 653 Citröen C5 Aircross
15%
16 244 Mini Mini IV
15%
Aucun quiz correspondant
Distribution des résultats
% des personnes avec chaque résultat
Percentile par nombre de réponses
Votre historique - résultats
Vous n’avez pas pris ce quiz